LEADER 01051nam a2200265 i 4500 001 000000149263 003 CaOOAMICUS 005 20060329000000.0 008 060329s1963 it u000 u ita u 013 $a126583 040 $aSeMil$bita 100 1 $aPratesi, Mario.$0(OLS)http://semarc/name/58976 245 13$aIl mondo di Dolcetta /$cMario Pratesi ; a cura di Renato Bertacchini. 260 $a[S.l.] :$bCappelli,$cstampa 1963. 300 $a407 p. ;$c22 cm. 490 0 $aBiblioteca dell'Ottocento italiano ;$v2 500 $aContiene : Nota bibliografica. - Fondo Ciprandi. 700 1 $aBertacchini, Renato.$0(OLS)http://semarc/name/37637 830 0$aBiblioteca dell'Ottocento italiano ;$v2.$0(OLS)http://semarc/title/10232 850 $aSeMil 852 $aSeMil$W1$xVenegono$y1$m1D IV 145$j101558$B101558$CSeMilBibl$Z2$F110165 $81 941 1 $a1 961 $aOmaggio: Ciprandi dott. Paolo 996 $6245$aIl mondo di Dolcetta$9(OLS)http://semarc/title/218225 996 $6260$a[S.l.] :$bCappelli$9(OLS)http://semarc/publisher/32130 LEADER 01644nam a2200277 i 4500 001 000000246577 003 CaOOAMICUS 005 20250818090219.0 008 151117s1856 it u000 u ita u 013 $a225482 040 $aSeMil$bita 245 10$aVol. 3. 264 1$c1856. 300 $a1 v. (52, 64, 132, 278 p. ;$c[3] c. di tav. :$bill.). 773 0 $tPartenia.$dNapoli : A spese della Società Editrice, 1856.$kTesoro cattolico. Classe 1., Dogmatica, polemica e filosofia morale : scelta i opere antiche e moderne atte a sanar le piaghe religiose e politiche che affliggono l'odierna società$g3$w()32815 774 0 $tDelle lodi della Vergine Madre.$w()325205 774 0 $tSalterio mariano composto da San Bonaventura e tradotto dal p. Francesco Fredian.$w()325206 774 0 $tSulla Immacolata Concezione della SS. Vergine Maria.$w()325207 774 0 $tSimboli mariani ossia il mese di maggio santificato ad onore di Maria colla sposizione delle principali figure dell'Antico Testamento in cui veniva simboleggiata la santissima Vergine.$w()325208 830 0$aTesoro cattolico. Classe 1., Dogmatica, polemica e filosofia morale : scelta di opere antiche e moderne atte a sanar le piaghe religiose e politiche che affliggono l'odierna società ;$v18.$0(OLS)http://semarc/title/44422 850 $aSeMil 852 $aSeMil$W1$xVenegono$y1$m3H VII 18 FA$j196923$B196923$CSeMilBibl$Z2$F207949 $8I 961 $aOmaggio: Biblioteca Seminario Duomo 996 $6245$aVol. 3$9(OLS)http://semarc/title/80712 996 $6264$a[S.l.] :$b[s.n.]$9(OLS)http://semarc/publisher/0